000 00249nam a2200097Ia 4500
001 1112330
005 20250827003928.0
008 250824s9999 xx 000 0 und d
245 0 _aGEÇMİŞTEN GÜNÜMÜZE KUDÜS
_cANONİM
260 _bKÜLTÜR A.Ş
999 _c1112330
_d1112330